Transkontinentale Staaten (inklusive abhängige Gebiete und mit Karte) - Statistiken

Allgemein
  • Dieses Quiz wurde 254 mal gespielt
    247 seit der letzten Aktualisierung
  • Das Durchschnittsergebnis liegt bei 24 aus 33
Antworten auf der Karte
Die Antworten werden auf der Karte rot bzw. grün angezeigt, abhängig davon wie oft sie richtig erraten wurden.
 
Antwortstatistiken
Kontinent Land Beschreibung % Korrekt
Europa, Asien, Nordamerika ? Russland Diese Antwort ist wohl offensichtlich: die Grenze zwischen Europa und Asien verläuft mitten durch Russland: sie beginnt im Schwarzen Meer, folgt dann der Wasserscheide des Großen Kaukasus, dem Kaspische Meer, dem Ural-Fluss und der Ural-Gebirgskette, bevor sie in die nordpolare Karasee mündet. Abhängig von der jeweiligen Definierung kontinentaler Grenzen können der russische Teil der Alëuten sowie die Ratmanow-Insel als Teil Nordamerikas angesehen werden.
98%
Asien, Europa Türkei Die türkische Region Ost-Thrakien (westlich von Istanbul) liegt auf dem Balkan.
95%
Europa, Afrika, Antarktika, Nordamerika, Ozeanien Südamerika Frankreich Die französischen Übersee-Regionen Französisch-Guayana (Südamerika), Guadeloupe, Martinique (beide Nordamerika), Mayotte, und Réunion (beide Afrika) haben den gleichen Status wie die Regionen des metropolitanen (=europäischen Teils) Frankreichs. Dies gilt nicht für andere Überseegebiete wie Französisch-Polynesien, Saint Pierre & Miquelon oder Neukaledonien. Abhängige Gebiete: Afrika und Antarktika (einziges transkontinentales Territorium?): Französische Süd- und Antarktisgebiete (einschließlich des beanspruchten Adélielandes) Nordamerika: Saint Barthélemy; Saint Martin; Saint Pierre und Miquelon Nordamerika / Ozeanien ?: Clipperton-Insel Ozeanien: Französisch-Polynesien; Neukaledonien; Wallis und Futuna
92%
Nordamerika, Ozeanien, Asien ? Vereinigte Staaten Der US-Bundesstaat Hawaii ist unstrittig ein Teil Ozeaniens. Das gleiche gilt für das Palmyra-Atoll, welches im Gegensatz zu anderen - gemeindefreien ("unincorporated") - Besitzungen der USA im Pazifik (die alle als abhängige Gebiete gelten) ein "incorporated territory" und damit ein integraler Bestandteil der Vereinigten Staaten ist. Je nach Definition der Kontinentalgrenzen können der westliche Teil der Alëuten, Little Diomede Island und andere Inseln des Beringmeers, wie die Sankt-Lorenz-Insel, Asien zugeschrieben werden, was Alaska zu einem transkontinentalen Bundesstaat machen würde. Abhängige Gebiete: Nordamerika: Bajo Nuevo-Bank (beansprucht); Guantánamo-Bucht (Pachtgebiet); Puerto Rico; Serranilla-Bank (beansprucht); Amerikanische Jungferninseln Ozeanien: Amerikanisch-Samoa; Bakerinsel; Guam; Howlandinsel; Jarvisinsel; Johnstoninsel; Kingmanriff; Midwayinseln; Navassa Island; Nördliche Marianen; Wake Atoll
92%
Europa, Afrika Spanien Spanien besitzt mehrere Territorien in Afrika - darunter eine Autonome Gemeinschaft (Kanaren), eine Provinz (Almería dank der Isla de Alborán) und zwei autonome Städte (Ceuta und Melilla) - somit leben ungefähr 5% der spanischen Bevölkerung auf dem afrikanischen Kontinent. Darüber hinaus sind die "plazas de soberanía" an der marokkanischen Küste unter einem anderen Status zu verzeichnen, ähnlich gemeindefreien Gebieten.
91%
Europa, Afrika, Antarktika, Asien, Nordamerika, Ozeanien Südamerika Vereinigtes Königreich Abhängige Gebiete: Europa: Akrotiri and Dhekelia; Gibraltar; Isle of Man; Vogtei Guernsey; Vogtei Jersey Afrika: St. Helena, Ascension und Tristan da Cunha Antarktika: Südgeorgien und die Südlichen Sandwichinseln; Britisches Antarktis-Territorium (beansprucht) Asien: Britisches Territorium im Indischen Ozean Nordamerika: Anguilla; Bermuda; Britische Jungferninseln; Kaimaninseln; Montserrat; Turks- und Caicosinseln Ozeanien: Pitcairninseln Südamerika: Falklandinseln
90%
Afrika, Asien Ägypten Nach heutiger Übereinkunft verläuft die Landgrenze zwischen Asien und Afrika entlang der Landenge (Isthmus) von Suez und somit auch dem Suezkanal in Ägypten, womit die Halbinsel Sinai zu Asien gehört
87%
Europa, Nordamerika Dänemark Abhängige Gebiete: Europa: Färöer Nordamerika: Grönland
85%
Asien, Ozeanien Indonesien Während die genaue Grenzziehung zwischen Asien und Ozeanien im Malaiischen Archipel strittig ist, zählen alle Varianten die gesamte Insel Neuguinea (mit ihrer zu Indonesien gehörenden westlichen Hälfte) zur ozeanischen Region Melanesien. Manche gehen noch weiter und beanspruchen sogar Sulawesi und Lombok für Ozeanien.
85%
Europa, Afrika, Nordamerika ? Portugal Das portugiesische Archipel von Madeira wird geographisch mit Afrika (jedoch kulturell mit Europa) in Verbindung gebracht. Außerdem sind aus geologischer Sicht die meisten Hauptinseln der auf der sog. "Azores-Triple-Junction" (Azoren-Tripelpunkt) gelegenen Inselgruppe der Azoren über die Grenze der Afrikanischen und Eurasischen Platte verstreut, nur Corvo und Flores sind auf der Nordamerikanischen Platte positioniert.
82%
Ozeanien, Antarktika, Asien Australien Abhängige Gebiete: Ozeanien: Ashmore- und Cartierinseln; Korallenmeerinseln; Norfolkinsel Asien: Kokosinseln; Weihnachtsinsel Antarktika: Australisches Antarktisterritorium (beansprucht); Heard und McDonaldinseln
81%
Südamerika, Antarktika Argentinien Abhängige Gebiete: Antarktika: Argentinisches Antarktisterritorium (beansprucht)
77%
Asien, Europa Georgien Die georgischen Regionen Chewi, Chewsuretien und Tuschetien sind größtenteils nördlich der Wasserscheide des Großen Kaukasus gelegen und damit geographisch Teil Europas.
77%
Asien, Ozeanien Japan Die japanischen Izu-, Ogasawara- und Kazan-Inseln sowie Nishinoshima und Okinotorishima werden mitunter als Teil Ozeaniens angesehen. Obwohl diese Ansprüche gut begründet sind, ist nur Minami-Torishima (auch Marcus-Insel genannt) über jeden Zweifel erhaben Teil Ozeaniens.
75%
Europa, Afrika Italien Zu Italien gehören mehrere kleine Inseln südlich von Sizilien, welche aufgrund ihrer Nähe zu Tunesien geographisch als Teil des afrikanischen Kontinents angesehen werden können: Während Pantelleria und Linosa meistens noch als Teil Europas gewertet werden, werden Lampedusa und Lampione Afrika zugeschrieben.
74%
Südamerika, Antarktika, Ozeanien Chile Chile sieht sich selbst als "trikontinentales Land": Neben dessen südamerikanischem Staatsgebiet beansprucht es ein Antarktikas-Territorium und besitzt Souveränität über mehrere Pazifik-Inseln: darunter insbesondere die berühmte Oster-Insel, aber auch die Isla Salas y Gómez (die östlichste Insel des polynesischen Dreiecks), das Juan-Fernández-Archipel und die Desventuradas-Inseln (wobei die letzten beiden meistens zu Südamerika gezählt werden). Abhängige Gebiete: Antarktika: Chilenisches Antarktisterritorium (beansprucht)
73%
Nordamerika, Südamerika ? Panama Normalerweise - obwohl nicht unumstritten - wird die Grenze zwischen den amerikanischen Kontinenten irgendwo in der Darién Gap (Darién-Lücke) lokalisiert, v.a. entlang der Wasserscheide des Darién-Gebirges, wodurch die südöstliche Spitze Panamas (in der Nähe des Quellgebiets des Río Jampavadó) in Südamerika liege. Eine weniger verbreitete Variante platziert die Grenze der Kontinente im Panama-Kanal.
73%
Nordamerika, Ozeanien ? Mexiko Zu Mexiko gehören die Revillagigedo-Inseln, von denen die entlegenste die Isla Clarión ist (700 km von der Küste entfernt). Die Inselgruppe wird üblicherweise zu Nordamerika gerechnet, allerdings ist eine Zuordnung zu Ozeanien auch nicht undenkbar.
72%
Südamerika, Afrika ? Brasilien Zugegebenermaßen ist Brasilien nicht unbedingt als transkontinentales Land einzustufen, nicht einmal aufgrund dessen entlegenster Besitzungen: den Sankt-Peter-und-Sankt-Pauls-Felsen, einer Felseninsel-Gruppe auf dem Mittelatlantischen Rücken bzw. etwas östlich davon auf der afrikanischen Seite.
71%
Europa, Nordamerika, Südamerika ? Niederlande Das Königreich der Niederlande besteht aus drei konstitutiven "Ländern" in der Karibik (Aruba, Curaçao, Sint Marteen, die hier alle als abhängige Territorien gelten) sowie einem Land - den Niederlanden - größtenteils in Europa, welches jedoch auch drei karibische Übersee-Gemeinden beinhaltet: Sint Eustatius, Saba und Bonaire. Letztere könnte aufgrund ihrer Nähe zu Südamerika ebendiesem Kontinent zugerechnet werden. Abhängige Gebiete: Nordamerika: Sint Maarten Nordamerika / Südamerika ?: Aruba; Curaçao
71%
Europa, Antarktika Norwegen Abhängige Gebiete: Europa: Jan Mayen; Spitzbergen Antarktika: Bouvetinsel; Peter-I.-Insel (beansprucht); Königin-Maud-Land (beansprucht)
70%
Asien, Europa Aserbaidschan Manche Rayons von Aserbaidschan (hauptsächlich nördlich der Stadt Sumqayıt) mit ca. 5% der Bevölkerung des Landes (eine halbe Mio. Menschen) liegen nördlich der Wasserscheide des Großen Kaukasus und damit in Europa.
68%
Ozeanien, Antarktika Neuseeland Abhängige Gebiete: Ozenanien: Cookinseln; Niue; Tokelau Antarktika: Ross-Nebengebiet (beansprucht)
68%
Nordamerika ?, Europa Island Das zwischen Europa und Grönland (welches geographisch ein Teil Nordamerikas ist) gelegene Island wird aus historischen, kulturellen und politischen Gründen zu Europa gezählt. Unter geologischen Aspekten liegt es auf dem Mittelatlantischen Rücken, der die nordamerikanische und eurasische Platte voneinander trennt, was zu reger vulkanischer Aktivität führt. Islands Hauptstadt, Reykjavík, liegt auf der nordamerikanischen Seite.
67%
Asien, Europa Kasachstan Ein kleiner Teil Kasachstans erstreckt sich westlich des Ural-Flusses ins östliche Europa.
65%
Südamerika, Nordamerika, Ozeanien ? Kolumbien Das kolumbianische Archipel und Departamento San Andrés und Providencia liegt im Karibischen Meer und somit in Nordamerika. Die Isla de Malpelo, 500 km westlich von Kolumbiens Pazifikküste gelegen, wird üblicherweise zu Südamerika gezählt und nur selten zu Ozeanien. Weil die exakte Grenzziehung zwischen Nord- und Südamerika nicht festgelegt ist, könnte Kolumbien darüber hinaus auch auf dem Land über die Darién Gap (Darién-Lücke) nach Nordamerika reichen, insbesondere im Gebiet westliche des Río Atrato-Deltas.
65%
Afrika, Antarktika ? Südafrika Die südafrikanischen Prinz-Edward-Inseln (nicht zu verwechseln mit der namensähnlichen kanadischen Provinz) im südlichen Indischen Ozean liegen zwischen Afrika und Antarktika, wobei die Entfernung zu Afrika etwas kürzer ist. Tektonisch sind sie durch die antarktische Platte an Antarktika gebunden und gehören zu den "subantarktischen Inseln", von denen die meisten abhängige Territorien anderer Länder sind.
65%
Südamerika, Ozeanien ? Ecuador Die Galápagos-Inseln sind ecuadorianisches Staatsgebiet je nach Definition entweder Teil Südamerikas oder zählen zu den Inseln Ozeaniens. Die letztgenannte Perspektive wird jedoch nur selten vertreten.
64%
Europa, Asien? Griechenland Das griechische Staatsgebiet umfasst mehrere Inseln direkt vor der Küste Kleinasiens: z.B. Rhodos, Kos, Samos, Chios oder Lesbos, insbesondere aber Kastelorizo / Megisti samt anliegenden Inseln. Die Bewohner sehen sich selbst jedoch aufgrund kultureller Gemeinsamkeiten als Teil Europas.
64%
Südamerika, Nordamerika Venezuela Venezuelas Isla de Aves ist 547 km von der Küste Südamerikas entfernt mitten im Karibischen Meer, welches zu Nordamerika gezählt wird, gelegen. Die venezolanischen Bundesterritorien und der Bundesstaat Nueva Esparta, welche beide aus karibischen Inseln direkt vor der südamerikanischen Küste Venezuelas bestehen, zählen hingegen normalerweise zu Südamerika - es sei denn, die gesamte Karibik wird als Teil Nordamerikas betrachtet.
60%
Nordamerika, Ozeanien ? Costa Rica Costa Ricas Kokos-Insel wird für gewöhnlich als südlichster Punkt Nordamerikas angesehen. Da es sich hierbei um eine abgelegene Insel inmitten des Pazifischen Ozeans handelt, ist eine Zuordnung zu Ozeanien aber nicht auszuschließen.
55%
Asien, Afrika Jemen Während die Rotmeer-Inseln Jemens - wie der größte Teil des Landes - auf dem asiatischen Kontinentalschelf liegen, befindet sich das vor dem Horn von Afrika gelegene Archipel von Sokotra auf dem afrikanischen Kontinentalschelf und ist auch geographisch Somalia näher als Jemens Küste.
51%
Nordamerika, Südamerika ? Trinidad und Tobago Die südliche Hälfte Trinidads liegt auf der Südamerikanischen Platte, während die nördliche Hälfte und die Insel Tobago auf der Karibischen Platte liegen. Diese geologischen Charakteristika qualifizieren Trinidad und Tobago jedoch nicht zwangsläufig als transkontinentalen Staat, da das gesamte Staatsgebiet üblicherweise geopolitisch als Teil Nordamerikas klassifiziert wird.
36%
Keine übereinstimmenden Quizze gefunden
Verteilung der Resultate
Anzahl Personen mit jedem Resultat
Perzentil nach korrekt beantworteten Fragen
Ihre Resultats-Entwicklung
Sie haben dieses Quiz seit der letzten Aktualisierung nicht gespielt